000 00507nam a2200181Ia 4500
005 20250508152935.0
008 008 250505s9999 xx 000 0 hin d
037 _aTextual
040 _aFEDL
_beng
_cFEDL
041 _ahin
_2hin
084 _a891.43, JAI
_qFEDL
100 _aJain Jagdish Chandra
245 0 _aSaral hindi patthmala. Part 2
260 _aBombay, India
_bOrient Longman Pvt. Ltd.
_c1952
300 _a129p.
942 _cTEXL
_h891.43, JAI
999 _c1339705
_d1339705